000 00401nam a22001697a 4500
005 20160618165014.0
008 160618b xxu||||| |||| 00| 0 eng d
020 _a007-124476-X
041 _aeng
082 _b8282
100 _aSilber Schaty, Abraham
_92270
245 _aDatabase System Concepts
260 _bTMH
_c2006
300 _a1100
650 _aInformation Technology
_9137
942 _cBK
999 _c3176
_d3175